000 00308nam a22001217a 4500
003 OSt
008 241004b |||||||| |||| 00| 0 eng d
082 _a630.058
_bR68A
100 _aRockefelter Foundation
245 _aProgramme in the Agric Sciences Annual report 1960-61
300 _a326
942 _2ddc
_cPER
999 _c46184
_d46184